|
|
|
|
| LEADER |
00000nam0a2200000 4500 |
| 001 |
332769 |
| 005 |
20231102004504.0 |
| 035 |
|
|
|a (RuTPU)RU\TPU\book\358742
|
| 090 |
|
|
|a 332769
|
| 100 |
|
|
|a 20170531d1964 km y0rusy50 ca
|
| 101 |
0 |
|
|a rus
|
| 102 |
|
|
|a AZ
|
| 105 |
|
|
|a a z 001zy
|
| 200 |
1 |
|
|a Характеристика различных способов бурения с точки зрения техники безопасности
|f В. Д. Султанов, П. В. Куцын
|g Всесоюзный нефтяной научно-исследовательский институт по технике безопасности (ВНИИТБ)
|
| 210 |
|
|
|a Баку
|c Азернешр
|d 1964
|
| 215 |
|
|
|a 31 с.
|c ил.
|
| 320 |
|
|
|a Библиогр.: с. 30
|
| 606 |
1 |
|
|a Бурение
|x Техника безопасности
|2 stltpush
|3 (RuTPU)RU\TPU\subj\30245
|9 53376
|
| 610 |
1 |
|
|a способы
|
| 610 |
1 |
|
|a роторный способ
|
| 610 |
1 |
|
|a турбинный способ
|
| 610 |
1 |
|
|a электробурение
|
| 675 |
|
|
|a 622.24:658
|v 4
|
| 700 |
|
1 |
|a Султанов
|b В. Д.
|
| 701 |
|
1 |
|a Куцын
|b П. В.
|
| 712 |
0 |
2 |
|a Всесоюзный нефтяной научно-исследовательский институт по технике безопасности (ВНИИТБ)
|2 stltpush
|3 (RuTPU)RU\TPU\col\11444
|
| 801 |
|
1 |
|a RU
|b 63413507
|c 20170531
|
| 801 |
|
2 |
|a RU
|b 63413507
|c 20201123
|g RCR
|
| 942 |
|
|
|c BK
|